header

Reconciling our aims (Record no. 150350)

MARC details
000 -LEADER
fixed length control field 01593nam a2200373 a 4500
082 04 - DEWEY DECIMAL CLASSIFICATION NUMBER
Classification number 170/.42
100 1# - MAIN ENTRY--AUTHOR NAME
Personal name Gibbard, Allan.
245 10 - TITLE STATEMENT
Title Reconciling our aims
260 ## - PUBLICATION, DISTRIBUTION, ETC. (IMPRINT)
Place of publication Oxford ;
-- New York :
Name of publisher Oxford University Press,
Year of publication 2008.
300 ## - PHYSICAL DESCRIPTION
Number of Pages viii, 216 p.
490 1# - SERIES STATEMENT
Series statement The Berkeley Tanner lectures
505 0# - FORMATTED CONTENTS NOTE
Formatted contents note Insight, consistency, and plans for living -- Living together : economic and moral argument -- Common goals and the ideal social contract.
650 #0 - SUBJECT ADDED ENTRY--TOPICAL TERM
Topical Term Ethics.
Topical Term Utilitarianism.
Topical Term Ethical intuitionism.
700 1# - ADDED ENTRY--PERSONAL NAME
Personal name Stroud, Barry.
856 40 - ELECTRONIC LOCATION AND ACCESS
Uniform Resource Identifier http://site.ebrary.com/lib/rucke/Doc?id=10246262

No items available.

© 2026 Rongo University
Contact us: librarian | system librarian | Rongo university